| 000 | 00724nmm a2200253 a 4500 | ||
|---|---|---|---|
| 003 | AR-BaBNM | ||
| 005 | 20251128202806.0 | ||
| 008 | 257019s1943 ||||||||||||||000 | spa|| | ||
| 040 | _cAR-BaBNM | ||
| 100 | 1 | _aIrazusta, Julio | |
| 245 | 1 | 0 |
_aVida política de Juan Manuel de Rosas _ba través de su correpondencia. 2 |
| 260 |
_aBuenos Aires _bAlbatros _c1943 |
||
| 300 | 0 |
_a307 p. _bil., láms. |
|
| 500 | 0 | _aCarece de índice | |
| 600 | 1 | 4 |
_aRosas, Juan Manuel de _d1793-1877 |
| 650 | 4 | _aROSAS Y SU TIEMPO | |
| 650 | 4 | _aPERIODO INDEPENDIENTE | |
| 650 | 4 | _aCAUDILLOS ARGENTINOS | |
| 650 | 4 | _aMONTONERAS | |
| 650 | 4 | _aBLOQUEO FRANCES 1838-40 | |
| 650 | 4 | _aREACCIONES CONTRA ROSAS | |
| 942 | _cBK | ||
| 998 | _cmariana | ||
| 999 |
_c592 _d592 |
||